000 01100cam a22002891i 4500
003 SA_RiAUC
003 SA-RiAUC
005 20250512082200.0
008 250512s2009____le g 000 0 ara c
040 _aSA-JeALM
_bara
_cSA-RiAUC
_erda
082 0 4 _a219
_qSA-RiAUC
090 _a219
_b ا س ح
100 1 _aإسحاق، يعقوب محمد،
_d1361 هجري-
_eمؤلف.
245 1 0 _aتقويم الفكر الديني المتمرد على الإسلام /
_cيعقوب محمد إسحاق.
250 _aالطبعة الأولى.
264 1 _aبيروت :
_bبيسان للنشر والتوزيع والإعلام،
_c2009
300 _a286 صفحة ؛
_c24 سم
336 _aنص
_btxt
_2rdacontent
_3كتاب
337 _aبدون وسيط
_bn
_2rdamedia
338 _aمجلد
_bnc
_2rdacarrier
500 _aغلاف مصور.
500 _aيشتمل على كشافات.
500 _aإهداء من المؤلف يعقوب محمد إسحاق.
650 7 _aالإسلام والإصلاح
_2aucsh
942 _2ddc
_cBOOK
_n0
949 _aSA-JeALM
_d250512
_umohamedma123
_n1
999 _c7843
_d7843